Loading...
| Fine Arts - Classical Music | 4 | 12.50 | 1,600% | 600% | 175% |
| Fine Arts - Other | 3 | 16.67 | 1,633% | 233% | 833% |
| Fine Arts - Painting & Sculpture | 3 | 13.33 | 2,700% | 300% | 567% |
| History - American | 5 | 8.00 | 1,620% | 300% | 140% |
| History - European | 6 | 15.00 | 2,700% | 267% | 533% |
| History - Other | 5 | 14.00 | 2,600% | 320% | 540% |
| History - World | 3 | 6.67 | 1,633% | 0% | 267% |
| Literature - American | 2 | 10.00 | 4,050% | 0% | 450% |
| Literature - British | 4 | 17.50 | 5,650% | 450% | 425% |
| Literature - European | 2 | 20.00 | 6,500% | 350% | 450% |
| Literature - World | 3 | 23.33 | 3,767% | 800% | 567% |
| Mythology | 3 | 23.33 | 7,533% | 267% | 867% |
| Other | 6 | 16.67 | 5,933% | 267% | 367% |
| Philosophy | 2 | 15.00 | 3,200% | 400% | 450% |
| Religion | 6 | 13.33 | 2,700% | 583% | 267% |
| Science - Biology | 4 | 15.00 | 3,250% | 225% | 675% |
| Science - Chemistry | 2 | 10.00 | 3,200% | 450% | 0% |
| Science - Other | 3 | 13.33 | 1,633% | 533% | 300% |
| Science - Physics | 5 | 14.00 | 980% | 480% | 500% |
| Social Science | 1 | 20.00 | 0% | 700% | 700% |